| 000 | 01480nam a2200409 i 4500 | ||
|---|---|---|---|
| 001 | 8987 | ||
| 003 | KOSZ 005 | ||
| 005 | 20230209125720.0 | ||
| 008 | 060321s1953 pl a f |000 0 pol | ||
| 015 | _aPB 1953/2459 | ||
| 040 |
_aWA N _cWA N _dKOSZ 005/RW _dKOSZ 005/HR |
||
| 041 | 1 |
_apol _hrus |
|
| 080 | _a621 | ||
| 080 | _a669.017 | ||
| 100 | 1 |
_aBogdanov, S. G. _eAutor |
|
| 245 | 1 | 0 |
_aMetaloznawstwo i obróbka cieplna stali / _cS. G. Bogdanow ; tł. Wiktor Chitruk. |
| 246 | 1 |
_iTyt. oryg.: _aMetallovedenie i termičeskaâ obrabotka stali. |
|
| 260 |
_aWarszawa : _bPaństwowe Wydawnictwa Techniczne, _c1953. |
||
| 300 |
_a251, [9] s. : _bil. ; _c20 cm. |
||
| 336 |
_2rdacontent _aTekst _btxt |
||
| 337 |
_2rdamedia _aBez urządzenia pośredniczącego _bn |
||
| 338 |
_2rdacarrier _aWolumin _bnc |
||
| 380 | _aKsiążki | ||
| 388 | _a1901-2000 | ||
| 388 | _a1945-1989 | ||
| 504 | _aBibliogr. s. [260]. | ||
| 521 | _aKsiążka przeznaczona dla wykwalifikowanych robotników, majstrów i techników zajmujących sie obróbką cieplną. | ||
| 650 | 4 | _aObróbka cieplna | |
| 650 | 4 | _aStal | |
| 650 | 4 | _aMetaloznawstwo | |
| 655 | 4 | _aPodręcznik | |
| 658 | _aInżynieria i technika | ||
| 700 | 1 |
_aChitruk, Wiktor _eTłumaczenie |
|
| 710 | 2 |
_aPaństwowe Wydawnictwa Techniczne _4pbl. |
|
| 856 |
_uhttp://koha.tu.koszalin.pl/cgi-bin/koha/opac-detail.pl?biblionumber=8987 _yKatalog online BPK |
||
| 942 |
_2UKD _cKS |
||
| 999 |
_c8987 _d8987 |
||